LIBRARY & INFORMATION CENTRE, KCAET, TAVANUR

ONLINE PUBLIC ACCESS CATALOGUE (OPAC)

Advanced engineering mathematics (Record no. 15429)

MARC details
000 -LEADER
fixed length control field 00314nam a22001337a 4500
020 ## - INTERNATIONAL STANDARD BOOK NUMBER
ISBN 9788126531356
082 ## - DEWEY DECIMAL CLASSIFICATION NUMBER
Classification number 510
Item number KRE/AD
100 ## - MAIN ENTRY--AUTHOR NAME
Personal name Kreyszig,erwin
245 ## - TITLE STATEMENT
Title Advanced engineering mathematics
250 ## - EDITION STATEMENT
Edition statement 9th ed.
260 ## - PUBLICATION, DISTRIBUTION, ETC. (IMPRINT)
Place of publication New delhi:
Name of publisher Wiley india ltd,
Year of publication 2013
300 ## - PHYSICAL DESCRIPTION
Number of Pages 122
942 ## - ADDED ENTRY ELEMENTS (KOHA)
Koha item type Book Bank scheme for SC students
Holdings
Withdrawn status Lost status Damaged status Home library Current library Date acquired Full call number Accession Number Koha item type
      KAUAET KAUAET 29/05/2018 510 KRE/AD BB 391 Book Bank scheme for SC students
free website counter